000 00843nam a22002537a 4500
003 dpl
005 20260323112611.0
008 181110b ||||| |||| 00| 0 eng d
010 _aENG-147958
016 _aEN-131490
020 _c375.00
_a9788197613555
037 _bCen Lib/Ret
040 _aDPL
_bEN
_c0
082 _aS
_bGAD
100 _aGole, Priya Nayak
_9102479
245 _aThe Zora Trigger;
_bCode Name: Deception/
_cby Priya Nayak Gole
_hEnglish
250 _a1
_b1
260 _aMaharashtra
_bVishwakarma Publications
_c2025
270 _a34A/1, Suyog Center, 7th Floor, Gultekadi Marketyard Road, Giridhar Bhavan Chauk, Pune: 411037, Maharashtra, India.
_bPune
_e411037
300 _a256p.
_c21cm(pbk)
_bill.
650 _aEnglish fiction
_9102480
650 _aFantasy fiction, English
_9102481
942 _2ddc
_cEN
_mGOL
_kN
999 _c215714
_d215714